Ekonomika Ukrainy

Enregistré dans:
Détails bibliographiques
Format: Publication en série
Langue:russe
Publié: Kijev Presa Ukrajini 1995
Sujets:
Tags: Ajouter un tag
Pas de tags, Soyez le premier à ajouter un tag!

MARC

LEADER 00000nas2a2200000 4500
001 s102248
005 20221221070147.9
022 |a 0131-7741 
041 0 |a rus 
044 |a UA 
245 1 0 |a Ekonomika Ukrainy 
264 1 |a Kijev  |b Presa Ukrajini  |c 1995 
300 |a 2 zv. 
773 0 |w eu_un_cat*s120162 
610 2 0 |a politika hospodárska